[Event "SWE-ch U20"]
[Site "Stockholm"]
[Date "2017.07.13"]
[Round "6"]
[White "Grueso Cordoba, Santiago"]
[Black "Berglind, Axel"]
[Result "1/2-1/2"]
[WhiteElo "2108"]
[BlackElo "2150"]
[PlyCount "62"]
[EventDate "2017.07.08"]
[EventType "swiss"]
[EventRounds "9"]
[EventCountry "SWE"]
[SourceTitle "EXT 2018"]
[Source "ChessBase"]
[SourceDate "2017.10.13"]
[SourceVersion "1"]
[SourceVersionDate "2017.10.13"]
[SourceQuality "1"]

1. e4 c5 2. Nf3 d6 3. d4 cxd4 4. Nxd4 Nf6 5. Nc3 a6 6. Bc4 e6 7. Bb3 Nc6 8. Be3 Be7 9. f3 Bd7 10. Qd2 Rc8 11. g4 Ne5 12. Qe2 h6 13. 0-0-0 b5 14. a3 Nc4 15. Bxc4 Rxc4 16. Nb1 Qb8 17. h4 g6 18. Nb3 e5 19. Bd2 Be6 20. Bb4 0-0 21. Nc3 Rfc8 22. Na5 R4c7 23. Qd2 Kh7 24. Bxd6 Rd8 25. Bxc7 Qxc7 26. Nd5 Nxd5 27. exd5 Rxd5 28. Qc3 Rc5 29. Qd2 Rd5 30. Qc3 Rc5 31. Qd2 Bd5 1/2-1/2

[Event "SWE-ch U20"]
[Site "Stockholm"]
[Date "2017.07.10"]
[Round "3"]
[White "Seo, Jung Min"]
[Black "Grueso Cordoba, Santiago"]
[Result "1-0"]
[WhiteElo "2270"]
[BlackElo "2108"]
[PlyCount "67"]
[EventDate "2017.07.08"]
[EventType "swiss"]
[EventRounds "9"]
[EventCountry "SWE"]
[SourceTitle "EXT 2018"]
[Source "ChessBase"]
[SourceDate "2017.10.13"]
[SourceVersion "1"]
[SourceVersionDate "2017.10.13"]
[SourceQuality "1"]

1. e4 c5 2. Nf3 d6 3. c3 Nf6 4. Bc4 g6 5. 0-0 Bg7 6. Re1 0-0 7. Bf1 Nc6 8. h3 e5 9. d3 b6 10. Nbd2 Bb7 11. Nc4 b5 12. Ne3 a6 13. a4 Qb6 14. Ng4 Nxg4 15. hxg4 Nd8 16. axb5 axb5 17. Rxa8 Bxa8 18. g5 Ne6 19. b4 Bb7 20. Be3 Ra8 21. Qb3 Bc6 22. g3 Qa6 23. Bh3 Bd7 24. Kg2 cxb4 25. cxb4 Qa3 26. Qd5 Ra6 27. Qb7 Bc6 28. Qc8+ Nf8 29. Rc1 Ba8 30. Rc3 Qa2 31. Rc2 Qa3 32. Rc7 Ra4 33. Be6 fxe6 34. Qe8 1-0

[Event "SWE-ch U20"]
[Site "Stockholm"]
[Date "2017.07.09"]
[Round "2"]
[White "Grueso Cordoba, Santiago"]
[Black "Rydstrom, Tom"]
[Result "0-1"]
[WhiteElo "2108"]
[BlackElo "2322"]
[PlyCount "52"]
[EventDate "2017.07.08"]
[EventType "swiss"]
[EventRounds "9"]
[EventCountry "SWE"]
[SourceTitle "EXT 2018"]
[Source "ChessBase"]
[SourceDate "2017.10.13"]
[SourceVersion "1"]
[SourceVersionDate "2017.10.13"]
[SourceQuality "1"]

1. e4 c5 2. Nf3 e6 3. d4 cxd4 4. Nxd4 a6 5. Bd3 Ne7 6. 0-0 Nec6 7. Nb3 Be7 8. Nc3 b5 9. Be3 d6 10. f4 Nd7 11. Qf3 Bb7 12. Rad1 Rc8 13. e5 d5 14. Qh3 g6 15. f5 gxf5 16. Nxd5 Ncxe5 17. Nf4 Qc7 18. Nd4 Rg8 19. Rd2 Nf6 20. Nfxe6 fxe6 21. Nxe6 Qa5 22. Bxf5 Nc4 23. Rdf2 Nxe3 24. Qxe3 Rc4 25. Qe5 Qb6 26. Bxh7 Rxg2+ 0-1

[Event "Deltalift op"]
[Site "Tylosand"]
[Date "2017.05.26"]
[Round "6"]
[White "Grueso Cordoba, Santiago"]
[Black "Brynell, Stellan"]
[Result "0-1"]
[WhiteElo "2104"]
[BlackElo "2430"]
[PlyCount "41"]
[EventDate "2017.05.25"]
[EventType "swiss"]
[EventRounds "8"]
[EventCountry "SWE"]
[SourceTitle "CBM 178 Extra"]
[Source "ChessBase"]
[SourceDate "2017.06.22"]
[SourceVersion "1"]
[SourceVersionDate "2017.06.22"]
[SourceQuality "1"]

1. e4 e6 2. d4 d5 3. Nd2 c5 4. exd5 exd5 5. Ngf3 a6 6. Be2 Nf6 7. 0-0 Bd6 8. dxc5 Bxc5 9. Nb3 Bb6 10. Bg5 0-0 11. c4 dxc4 12. Bxc4 Qxd1 13. Raxd1 Nc6 14. h3 Re8 15. Rfe1 Bf5 16. Nh4 Bc2 17. Rxe8+ Rxe8 18. Rd2 Bb1 19. Bxf6 gxf6 20. a3 Re4 21. Bxf7+ 0-1

[Event "Nordic-ch U15"]
[Site "Drammen"]
[Date "2017.02.17"]
[Round "1"]
[White "Grueso Cordoba, Santiago"]
[Black "Fjallheim, Leif Reinert"]
[Result "1-0"]
[WhiteElo "2168"]
[BlackElo "1695"]
[PlyCount "143"]
[EventDate "2017.02.17"]
[EventType "swiss"]
[EventRounds "6"]
[EventCountry "NOR"]
[SourceTitle "CBM 177 Extra"]
[Source "ChessBase"]
[SourceDate "2017.04.27"]
[SourceVersion "1"]
[SourceVersionDate "2017.04.27"]
[SourceQuality "1"]

1. e4 e5 2. Nf3 Nc6 3. Bb5 a6 4. Ba4 Nf6 5. 0-0 Be7 6. Re1 b5 7. Bb3 0-0 8. d3 d5 9. exd5 Nxd5 10. Nxe5 Nxe5 11. Rxe5 c6 12. Re1 Bd6 13. g3 Qd7 14. Qf3 Rb8 15. Bd2 Qh3 16. Nc3 Bg4 17. Qg2 Qh5 18. Bxd5 cxd5 19. Qxd5 Qh3 20. Re3 Rbd8 21. Qg2 Qh5 22. Ne4 Bc7 23. Bb4 Rfe8 24. Rae1 f6 25. Bc3 Bb6 26. Bxf6 Bxe3 27. Bxd8 Bh3 28. Qh1 Rxd8 29. fxe3 Qf5 30. g4 Qxg4+ 31. Ng3 h5 32. Qe4 Qg5 33. Qf4 Rd5 34. Qxg5 Rxg5 35. Kf2 h4 36. Ne2 Rf5+ 37. Nf4 g5 38. Rg1 Kf7 39. Rxg5 Rxg5 40. Nxh3 Rg8 41. c3 a5 42. Nf4 Rd8 43. h3 Kf6 44. e4 a4 45. a3 Rf8 46. Ke3 Re8 47. d4 Kg5 48. d5 Re7 49. Ne6+ Kf6 50. Kf4 Re8 51. e5+ Ke7 52. Kf5 Rg8 53. d6+ Kd7 54. Kf6 Rg2 55. Nc5+ Kd8 56. e6 Rf2+ 57. Ke5 Re2+ 58. Kd5 Rxb2 59. Kc6 Ke8 60. d7+ Ke7 61. Nb7 Rb3 62. d8Q+ Kxe6 63. Qd5+ Kf6 64. Nc5 Rxa3 65. Nd7+ Kg7 66. Qg5+ Kh8 67. Qh6+ Kg8 68. Qg6+ Kh8 69. Nf6 Rxc3+ 70. Kb6 Rc6+ 71. Kxc6 b4 72. Qh7# 1-0

[Event "Rilton Cup 46th"]
[Site "Stockholm"]
[Date "2017.01.02"]
[Round "6"]
[White "Grueso Cordoba, Santiago"]
[Black "Betaneli, Aleksandr"]
[Result "0-1"]
[WhiteElo "2171"]
[BlackElo "2252"]
[PlyCount "75"]
[EventDate "2016.12.27"]
[EventType "swiss"]
[EventRounds "9"]
[EventCountry "SWE"]
[SourceTitle "CBM 176 Extra"]
[Source "ChessBase"]
[SourceDate "2017.03.02"]
[SourceVersion "1"]
[SourceVersionDate "2017.03.02"]
[SourceQuality "1"]

1. d4 d5 2. c4 e6 3. Nc3 Be7 4. Nf3 Nf6 5. Bg5 h6 6. Bh4 0-0 7. e3 Nbd7 8. cxd5 Nxd5 9. Bxe7 Qxe7 10. Nxd5 exd5 11. Bd3 c5 12. 0-0 c4 13. Be2 b5 14. b3 Bb7 15. a4 a6 16. Qb1 Bc6 17. Rc1 Rfb8 18. Qa2 Qd6 19. Nd2 Nb6 20. a5 Nd7 21. Bf3 Re8 22. Qc2 Rac8 23. Rab1 g6 24. b4 Nf6 25. Re1 Bd7 26. Qc3 Bf5 27. Rbd1 Re7 28. Nf1 Rce8 29. Ng3 Bg4 30. Bxg4 Nxg4 31. Re2 h5 32. Nf1 Nf6 33. f3 Nd7 34. Rde1 Nb8 35. Nd2 Nc6 36. Rb1 Qf6 37. f4 Nxd4 38. Kf1 0-1

[Event "Rilton Cup 46th"]
[Site "Stockholm"]
[Date "2016.12.30"]
[Round "4"]
[White "Grueso Cordoba, Santiago"]
[Black "Crevatin, Leo"]
[Result "1-0"]
[WhiteElo "2171"]
[BlackElo "1973"]
[PlyCount "127"]
[EventDate "2016.12.27"]
[EventType "swiss"]
[EventRounds "9"]
[EventCountry "SWE"]
[SourceTitle "CBM 176 Extra"]
[Source "ChessBase"]
[SourceDate "2017.03.02"]
[SourceVersion "1"]
[SourceVersionDate "2017.03.02"]
[SourceQuality "1"]

1. d4 d5 2. c4 c6 3. Nf3 e6 4. e3 Nf6 5. Nbd2 Nbd7 6. Bd3 dxc4 7. Nxc4 b5 8. Nce5 Bb7 9. 0-0 h6 10. a4 a6 11. Qb3 Be7 12. Ng6 Rg8 13. Bd2 Bd6 14. Nge5 Qc7 15. axb5 axb5 16. Rxa8+ Bxa8 17. Nxd7 Nxd7 18. Bb4 Ke7 19. Bxd6+ Qxd6 20. Ra1 Bb7 21. Ra7 Rb8 22. e4 e5 23. Qc3 exd4 24. Nxd4 g6 25. b4 Qf6 26. Bf1 Kf8 27. Qd2 Qg5 28. Ne6+ fxe6 29. Qxd7 Qe7 30. Qd2 Kg7 31. Qc3+ Kf7 32. e5 Ra8 33. Qf3+ Kg7 34. Qf6+ Qxf6 35. exf6+ Kxf6 36. Rxb7 Ra4 37. Rb6 Rxb4 38. Rxc6 Rb1 39. Rb6 b4 40. g3 b3 41. Kg2 b2 42. Bd3 Rd1 43. Bc2 Rd2 44. Rxb2 h5 45. Ra2 Rd6 46. h4 Rb6 47. Ra5 Rb2 48. Be4 Rb4 49. f3 Rb2+ 50. Kh3 Rb8 51. Rg5 Rg8 52. g4 hxg4+ 53. Kxg4 Kf7 54. Kf4 Rg7 55. Rxg6 Rxg6 56. Bxg6+ Kxg6 57. Ke5 Kf7 58. f4 Ke7 59. h5 Kf7 60. h6 Kg6 61. Kxe6 Kxh6 62. f5 Kg7 63. f6+ Kf8 64. f7 1-0

[Event "Vasteras op"]
[Site "Vasteras"]
[Date "2016.09.23"]
[Round "2"]
[White "Cramling, Pia"]
[Black "Grueso Cordoba, Santiago"]
[Result "1-0"]
[WhiteElo "2444"]
[BlackElo "2096"]
[PlyCount "52"]
[EventDate "2016.09.23"]
[EventType "swiss"]
[EventRounds "8"]
[EventCountry "SWE"]
[SourceTitle "CBM 174 Extra"]
[Source "ChessBase"]
[SourceDate "2016.10.10"]
[SourceVersion "1"]
[SourceVersionDate "2016.10.10"]
[SourceQuality "1"]

1. Nf3 Nf6 2. c4 g6 3. Nc3 Bg7 4. e4 d6 5. d4 0-0 6. h3 e5 7. d5 a5 8. Bg5 h6 9. Be3 Na6 10. Be2 Nc5 11. Nd2 Nfd7 12. g4 f5 13. gxf5 gxf5 14. exf5 Nf6 15. Rg1 Kh8 16. Nb3 Nce4 17. Nxe4 Nxe4 18. Bd3 Bxf5 19. Bxe4 Bxe4 20. Qg4 Qf6 21. Qxe4 a4 22. Nc1 Qf5 23. Qxf5 Rxf5 24. Ne2 Raf8 25. Ng3 Rf3 26. Ke2 e4 1-0

[Event "SWE-chT U16 final"]
[Site "Lund"]
[Date "2016.08.14"]
[Round "5.7"]
[White "Grueso Cordoba, Santiago"]
[Black "Storme, Isak"]
[Result "1-0"]
[WhiteElo "2018"]
[BlackElo "2108"]
[PlyCount "113"]
[EventDate "2016.08.12"]
[EventType "team-tourn"]
[EventRounds "5"]
[EventCountry "SWE"]
[SourceTitle "EXT 2019"]
[Source "ChessBase"]
[SourceDate "2018.10.10"]
[SourceVersion "1"]
[SourceVersionDate "2018.10.10"]
[SourceQuality "1"]
[WhiteTeam "Vasteras"]
[BlackTeam "Manhem"]
[WhiteTeamCountry "SWE"]
[BlackTeamCountry "SWE"]

1. e4 c5 2. Nf3 d6 3. g3 g6 4. Bg2 Bg7 5. 0-0 Nc6 6. c3 e5 7. d3 Nge7 8. a3 a5 9. a4 d5 10. exd5 Nxd5 11. Re1 0-0 12. Na3 Re8 13. Nc4 Nb6 14. Be3 Nxc4 15. dxc4 Qb6 16. Qe2 h6 17. Nd2 f5 18. Ra3 e4 19. Rb3 Qa7 20. f3 exf3 21. Qxf3 Be6 22. Qf2 Bf8 23. Rb5 Rad8 24. Nb3 Bxc4 25. Rxb7 Qxb7 26. Nxa5 Qc7 27. Nxc4 Re6 28. Bf4 Rxe1+ 29. Qxe1 Qd7 30. Nb6 Qd1 31. Kf2 Qxe1+ 32. Kxe1 Na5 33. Bd5+ Kg7 34. Be5+ Kh7 35. Bc7 Re8+ 36. Kd2 c4 37. Nd7 Nb3+ 38. Kd1 Bg7 39. Bxc4 Re7 40. Nb6 Rxc7 41. Bxb3 Rb7 42. a5 Ra7 43. Nc4 Bf6 44. Bc2 Kg7 45. Bd3 Kf7 46. Kc2 Ke6 47. b4 Bd8 48. Kb3 Kd5 49. Bf1 Ke4 50. Bg2+ Kd3 51. Ne5+ Ke3 52. Nc6 Rd7 53. Nxd8 g5 54. Nc6 Rf7 55. Bd5 Rf8 56. b5 f4 57. b6 1-0

[Event "SWE-chT U16 final"]
[Site "Lund"]
[Date "2016.08.13"]
[Round "4.7"]
[White "Ng, Klemens"]
[Black "Grueso Cordoba, Santiago"]
[Result "0-1"]
[WhiteElo "1914"]
[BlackElo "2018"]
[PlyCount "52"]
[EventDate "2016.08.12"]
[EventType "team-tourn"]
[EventRounds "5"]
[EventCountry "SWE"]
[SourceTitle "EXT 2019"]
[Source "ChessBase"]
[SourceDate "2018.10.10"]
[SourceVersion "1"]
[SourceVersionDate "2018.10.10"]
[SourceQuality "1"]
[WhiteTeam "Orgryte"]
[BlackTeam "Vasteras"]
[WhiteTeamCountry "SWE"]
[BlackTeamCountry "SWE"]

1. e4 e5 2. Nf3 Nc6 3. d4 exd4 4. Bc4 Be7 5. 0-0 d6 6. Nxd4 Nf6 7. Nc3 0-0 8. Be3 Ng4 9. Nxc6 bxc6 10. Qe2 Ne5 11. h3 a5 12. Rfd1 Qd7 13. f4 Nxc4 14. Qxc4 Ba6 15. Qd4 Qe6 16. Qd2 f5 17. exf5 Qxf5 18. g4 Qf7 19. Qg2 d5 20. Rd2 Bd6 21. Rf2 Rae8 22. Rf3 c5 23. Bd2 d4 24. Na4 Bb7 25. Raf1 Qc4 26. b3 Qxc2 0-1

[Event "SWE-chT U16 final"]
[Site "Lund"]
[Date "2016.08.12"]
[Round "1.7"]
[White "Grueso Cordoba, Santiago"]
[Black "Crevatin, Leo"]
[Result "1/2-1/2"]
[WhiteElo "2018"]
[BlackElo "2050"]
[PlyCount "130"]
[EventDate "2016.08.12"]
[EventType "team-tourn"]
[EventRounds "5"]
[EventCountry "SWE"]
[SourceTitle "EXT 2019"]
[Source "ChessBase"]
[SourceDate "2018.10.10"]
[SourceVersion "1"]
[SourceVersionDate "2018.10.10"]
[SourceQuality "1"]
[WhiteTeam "Vasteras"]
[BlackTeam "Stockholm Rockaden"]
[WhiteTeamCountry "SWE"]
[BlackTeamCountry "SWE"]

1. e4 Nf6 2. Nc3 d5 3. exd5 Nxd5 4. g3 Nxc3 5. bxc3 Qd5 6. Qf3 Qxf3 7. Nxf3 b6 8. Bg2 Bb7 9. 0-0 e6 10. d3 Nd7 11. a4 a5 12. Bf4 Rc8 13. Nd4 Bxg2 14. Kxg2 Bd6 15. Be3 0-0 16. Rfb1 Nf6 17. Nb5 Rfd8 18. c4 Ng4 19. Bd4 Be5 20. Bxe5 Nxe5 21. f4 Nc6 22. Rd1 Nb4 23. Rd2 Rd7 24. d4 Rcd8 25. c3 Nc6 26. Rad1 Ne7 27. Kf3 h5 28. h3 g6 29. g4 hxg4+ 30. hxg4 Kg7 31. Rh1 Rh8 32. Rxh8 Kxh8 33. Re2 Kg7 34. Na3 Rd8 35. d5 c6 36. dxe6 Rd3+ 37. Re3 Rxe3+ 38. Kxe3 fxe6 39. Nc2 c5 40. Ke4 Nc6 41. Ne1 Kf6 42. Nf3 Ne7 43. g5+ Kf7 44. Ne5+ Ke8 45. Ke3 Nf5+ 46. Kd3 Ne7 47. Ke4 Kd8 48. Nf7+ Ke8 49. Nh8 Nf5 50. Nxg6 Ng3+ 51. Kf3 Nf1 52. Ke2 Ng3+ 53. Kd3 Kf7 54. Ne5+ Ke7 55. g6 Kf6 56. Nd7+ Kxg6 57. Nxb6 Kf5 58. Ke3 Ne4 59. Nd7 Nxc3 60. Nxc5 e5 61. fxe5 Kxe5 62. Kd2 Kd4 63. Nb3+ Kxc4 64. Nxa5+ Kb4 65. Nc6+ Kxa4 1/2-1/2

[Event "Vaxjo op"]
[Site "Vaxjo"]
[Date "2016.02.20"]
[Round "6"]
[White "Hoglund, Leif"]
[Black "Grueso Cordoba, Santiago"]
[Result "1-0"]
[WhiteElo "2101"]
[BlackElo "1914"]
[PlyCount "149"]
[EventDate "2016.02.19"]
[EventType "swiss"]
[EventRounds "8"]
[EventCountry "SWE"]
[SourceTitle "CBM 170 Extra"]
[Source "ChessBase"]
[SourceDate "2016.02.25"]
[SourceVersion "1"]
[SourceVersionDate "2016.02.25"]
[SourceQuality "1"]

1. e4 c5 2. c3 d5 3. exd5 Qxd5 4. d4 Nc6 5. Nf3 Bg4 6. Be2 e6 7. Na3 cxd4 8. Nb5 Rc8 9. Nbxd4 Nf6 10. Qa4 Bc5 11. 0-0 0-0 12. Nxc6 Rxc6 13. h3 Bf5 14. b4 Be7 15. Rd1 Qe4 16. Bd3 Qd5 17. Bb5 Bc2 18. Qxc2 Qxb5 19. Nd4 Qc4 20. Nxc6 Qxc6 21. Bg5 h6 22. Bxf6 Bxf6 23. Rd3 Rc8 24. Rad1 g6 25. Qb3 Rc7 26. b5 Qe4 27. b6 axb6 28. Qxb6 Rxc3 29. Rxc3 Bxc3 30. Qe3 Qxe3 31. fxe3 b6 32. Rd6 Ba5 33. Kf2 Kf8 34. Rd7 Bb4 35. a4 Kg7 36. Ke2 g5 37. Kd3 Kg6 38. Rc7 Ba5 39. e4 Be1 40. Rc2 Bb4 41. g4 h5 42. Rc6 Ba5 43. Kc4 hxg4 44. hxg4 Kf6 45. Kd4 Be1 46. e5+ Kg6 47. Ke4 Bf2 48. Rc1 Kg7 49. Rc2 Bg1 50. Kd3 Kg6 51. Kc4 Kg7 52. Kb5 f5 53. exf6+ Kxf6 54. Re2 e5 55. Kc4 Ke6 56. Rg2 Be3 57. Rh2 Bd4 58. Rh6+ Kf7 59. Kd5 Kg7 60. Re6 Kf7 61. Rxe5 Bxe5 62. Kxe5 Ke7 63. Kf5 Kd6 64. Kxg5 Kc5 65. Kf4 Kb4 66. g5 Kxa4 67. g6 b5 68. g7 Ka3 69. g8Q b4 70. Ke3 b3 71. Kd2 Kb2 72. Qa8 Kb1 73. Kc3 b2 74. Qg2 Ka1 75. Qxb2# 1-0

[Event "Vaxjo op"]
[Site "Vaxjo"]
[Date "2016.02.19"]
[Round "4"]
[White "Nielsen, Niels Peter"]
[Black "Grueso Cordoba, Santiago"]
[Result "1/2-1/2"]
[WhiteElo "2113"]
[BlackElo "1914"]
[PlyCount "89"]
[EventDate "2016.02.19"]
[EventType "swiss"]
[EventRounds "8"]
[EventCountry "SWE"]
[SourceTitle "CBM 170 Extra"]
[Source "ChessBase"]
[SourceDate "2016.02.25"]
[SourceVersion "1"]
[SourceVersionDate "2016.02.25"]
[SourceQuality "1"]

1. e4 c5 2. Nf3 d6 3. c3 Nf6 4. e5 dxe5 5. Nxe5 Nbd7 6. Bb5 a6 7. Qb3 e6 8. Nxd7 Bxd7 9. Bxd7+ Qxd7 10. 0-0 Be7 11. d4 cxd4 12. cxd4 0-0 13. Nc3 b5 14. Rd1 Rfd8 15. h3 Nd5 16. Nxd5 Qxd5 17. Qxd5 Rxd5 18. Be3 Rad8 19. Rdc1 h6 20. Rc7 Bf6 21. Ra7 Bxd4 22. Bxd4 Rxd4 23. g3 Rd1+ 24. Rxd1 Rxd1+ 25. Kg2 Rd2 26. Rxa6 Rxb2 27. a4 bxa4 28. Rxa4 g5 29. h4 Kg7 30. hxg5 hxg5 31. Rc4 Kg6 32. g4 f5 33. Rc6 Kf6 34. gxf5 Kxf5 35. Rc3 Rb4 36. Kg3 Rg4+ 37. Kf3 Rf4+ 38. Kg3 g4 39. Rc8 Rf3+ 40. Kg2 e5 41. Rf8+ Ke4 42. Rg8 Rf4 43. Kg3 Rf3+ 44. Kg2 Rf4 45. Kg3 1/2-1/2

[Event "SWE Cup"]
[Site "Linkoping"]
[Date "2014.09.06"]
[Round "3.2"]
[White "Grueso Cordoba, Santiago"]
[Black "Goransson, Rolf"]
[Result "1-0"]
[WhiteElo "1490"]
[BlackElo "1932"]
[PlyCount "165"]
[EventDate "2014.09.05"]
[EventType "team-tourn"]
[EventRounds "7"]
[EventCountry "SWE"]
[SourceTitle "CBM 162 Extra"]
[Source "ChessBase"]
[SourceDate "2014.10.17"]
[SourceVersion "1"]
[SourceVersionDate "2014.10.17"]
[SourceQuality "1"]
[WhiteTeam "Vasteras"]
[BlackTeam "Ervalla"]
[WhiteTeamCountry "SWE"]
[BlackTeamCountry "SWE"]

1. d4 Nf6 2. c4 e6 3. Nc3 Bb4 4. f3 d6 5. e4 0-0 6. Nge2 e5 7. d5 Ne8 8. g4 Qh4+ 9. Ng3 Bxc3+ 10. bxc3 Nd7 11. Be3 g6 12. Qd2 Qe7 13. h4 Ng7 14. h5 Nc5 15. Qh2 Ne8 16. Bh6 g5 17. Bxf8 Kxf8 18. Be2 h6 19. Nf1 Qd7 20. Ne3 Qa4 21. Kd2 Qa3 22. Nc2 Qa4 23. Rhb1 Nf6 24. Nb4 Nfd7 25. Nd3 Nxd3 26. Bxd3 Nc5 27. Ke3 b6 28. Rf1 Qd7 29. Rad1 Qe7 30. Kf2 a5 31. Kg2 Ba6 32. Rf2 Kg7 33. Be2 Re8 34. Bd3 Nxd3 35. Rxd3 Bxc4 36. Rd1 Qd7 37. Rb2 Qa4 38. Rdd2 Qa3 39. Qg1 Rc8 40. Qe3 f6 41. f4 gxf4 42. Qh3 Rf8 43. g5 fxg5 44. Qe6 Rf6 45. Qe7+ Rf7 46. Qe6 Qxc3 47. Qg6+ Kf8 48. Qxh6+ Ke8 49. Qe6+ Re7 50. Qc8+ Kf7 51. Qf5+ Kg8 52. Qg6+ Rg7 53. Qe6+ Kh7 54. Qf5+ Kh6 55. Qf6+ Kxh5 56. Qxg7 Qg3+ 57. Kh1 f3 58. Rh2+ Kg4 59. Rbg2 fxg2+ 60. Rxg2 Bd3 61. Rxg3+ Kxg3 62. Qxg5+ Kf3 63. Qe7 Kxe4 64. Qxc7 Kxd5 65. Qxb6 e4 66. Qxa5+ Kc4 67. Qd2 d5 68. a4 d4 69. a5 e3 70. Qa2+ Kc3 71. Kg1 Ba6 72. Qe6 Kd2 73. Qxa6 d3 74. Qh6 Ke2 75. Qh2+ Kd1 76. Qh5+ Kd2 77. Qg5 Ke2 78. Qg4+ Kd2 79. Qb4+ Ke2 80. Qc4 Kd2 81. a6 e2 82. Qb4+ Ke3 83. Qc3 1-0